SMITH`S TEXTBOOK OF ENDOUROLOGYVOL .1 (Record no. 803542)

MARC details
000 -LEADER
fixed length control field 00413pam a2200157 a 4500
020 ## - INTERNATIONAL STANDARD BOOK NUMBER
International Standard Book Number 9781119241355
Terms of availability
041 ## - LANGUAGE CODE
Language code of text/sound track or separate title eng
082 ## - DEWEY DECIMAL CLASSIFICATION NUMBER
Classification number 616.6
Item number SMI
100 ## - MAIN ENTRY--PERSONAL NAME
Personal name SMITH A . D. PREMINGER G . KAVOUSSIL.
245 ## - TITLE STATEMENT
Title SMITH`S TEXTBOOK OF ENDOUROLOGYVOL .1
Medium Textual Documents
250 ## - EDITION STATEMENT
Edition statement 4.
260 ## - PUBLICATION, DISTRIBUTION, ETC.
Place of publication, distribution, etc. MUMBAI
Name of publisher, distributor, etc. WILEY BLACK WELL
Date of publication, distribution, etc. 2019
300 ## - PHYSICAL DESCRIPTION
Extent 877:
Other physical details XLIII+
Accompanying material HB.
650 ## - SUBJECT ADDED ENTRY--TOPICAL TERM
Topical term or geographic name entry element UROLOGY
930 ## - EQUIVALENCE OR CROSS-REFERENCE-UNIFORM TITLE HEADING [LOCAL, CANADA]
Uniform title 9015
Holdings
Withdrawn status Lost status Damaged status Not for loan Collection Home library Current library Date acquired Source of acquisition Cost, normal purchase price Total Checkouts Full call number Barcode Date last seen Copy number Price effective from Koha item type
          Medical College & Hospital, Sangli Medical College & Hospital, Sangli 04/03/2021 B.M.S.G.B.PUNE 17556.25   616.6 SMI MCS-15151 26/07/2023 1 26/07/2023 Book